UM Logo
Normal view MARC view
  • Teja, A.V Ravi.

Entry Personal Name

Number of records used in: 1

001 - CONTROL NUMBER

  • control field: 54322

003 - CONTROL NUMBER IDENTIFIER

  • control field: OSt

005 - DATE AND TIME OF LATEST TRANSACTION

  • control field: 20240312095207.0

008 - FIXED-LENGTH DATA ELEMENTS

  • fixed length control field: 240312|| aca||aabn | a|a d

040 ## - CATALOGING SOURCE

  • Original cataloging agency: OSt
  • Transcribing agency: OSt

100 ## - HEADING--PERSONAL NAME

  • Personal name: Teja, A.V Ravi.
  • Relator term: author.

670 ## - SOURCE DATA FOUND

  • Source citation: Work cat.: (OSt): Rana, Ashwani Kumar. author. 54321, Fast discharging (N+1) switch converter with regenerative flyback operation for N-phase SRM drives /, July 2022.